| 000 | 03874nam a22003137i 4500 | ||
|---|---|---|---|
| 001 | TCPA 49 | ||
| 003 | gtcocun | ||
| 005 | 20250911145555.0 | ||
| 006 | a||||gr|||| 00| 0 | ||
| 008 | 250911b2017 gt ||||| m||| 00| 0 eng d | ||
| 040 |
_agtcocun _bSPA _cgtcocun _eRDA |
||
| 041 | _aSPA | ||
| 084 | _0TCPA 49 | ||
| 100 |
_aChén Yat, Mayra Coraldy _eAutor |
||
| 245 |
_aInforme final del Ejercicio Profesional Supervisado, realizado en Agroservicios La Finquita ubicada en Cobán, Alta Verapaz/ _cChén Yat, Mayra Coraldy _hImpreso |
||
| 264 |
_aCobán, Alta Verapaz: _bUniversidad de San Carlos de Guatemala, Centro Universitario del Norte, Licenciatura en Contaduría Pública y Auditoría. _c2017 |
||
| 300 |
_a83 p.: _bIlustraciones, gráficas. _c28 cm; PDF |
||
| 336 |
_2rdacontenido _aTexto _btxt |
||
| 337 |
_2rdamedio _aComputadora _bn |
||
| 338 |
_2rdasoporte _aCódigo en línea _bcr |
||
| 502 | _e. | ||
| 502 |
_aTesis de grado _bLicenciatura en Contaduría Pública y Auditoría. _cUniversidad de San Carlos de Guatemala, Centro Universitario del Norte, Licenciatura en Contaduría Pública y Auditoría. _d2017 _oTCPA 49 |
||
| 520 | 1 | 4 | _aLa Universidad de San Carlos de Guatemala, a través del Centro Universitario del Norte, en conjunto con la Carrera de Contaduría Pública y Auditoría, previó a que se confiera el título al estudiante que lo acredite como tal, es requisito realizar el EjercicioProfesionalSupervisado. La unidad de práctica se identifica como Agroservicio La Finquita quién inició operaciones en el mercado agropecuario, en el departamento de El Petén como una empresa informal, con el nombre de “Agropecuaria Don Coca”. En el año 2002 se estableció en Cobán, A. V. como una empresa formal con el nombre de “Agroservicio La Finquita” la cual está ubicado en1a. Calle 2-39 zona 6 Colonia Chivencorral. Dicho Ejercicio Profesional Supervisado comprendió varias etapas. La primera fue con undiagnóstico, a través de un proceso investigativo con el cual se obtuvola estructura organizacional de la empresa, así como de las actividades administrativas, contables y operacionales. Por medio de este se identificaron las debilidades, mismas que fueron priorizadas de acuerdo a su importancia. La segunda etapa consistió en la elaboración de un plan de trabajo, donde se describe cada actividad, con su justificación, objetivos, marco teórico, matriz de planificación, cronograma de actividades y evaluación. La última etapa fue la ejecución de las actividades, según prioridad fueron las siguientes: la primera fue reestructuración contable del período julio 2012 a diciembre 2015, ya que presentaban debilidades en los registros contables. Al final se obtuvo información confiable de la situación financiera. Seguidamente se efectuó rectificación de declaraciones de los impuestos, que se determinan y presentan en forma mensual, trimestral y anual. Esta actividad quedo como propuesta, por falta de financiamiento en la empresa, pero conscientes de realizarlos al tener algún requerimiento de parte de la Superintendencia de Administración Tributaria (SAT). Por último ante las deficiencias en los registros contables, se elaboró un manual, que contiene nomenclatura de cuentas, descripción de las cuentas, ejemplo de jornalizaciones y aspectos a considerar en el llenado de libros de compras y ventas. Con el objetivo de un proceso contable que permite registros en forma ordenada y correcta. |
| 650 | 1 | 4 |
_2LEMB _aCobán, Alta Verapaz _xEstados financieros _xdeclaración _ximpuestos _xmanual contable |
| 700 |
_aLic. Julio Armando Samayoa Santiago _eAsesor |
||
| 856 |
_uhttps://drive.google.com/file/d/1iP-Hi6omZQ4R6FLjcpaS3NGbknob1NSy/view?usp=sharing _yPDF _zUn ejemplar en línea. |
||
| 942 |
_2ddc _cTES _iTCPA_49 _kClasificación _n0 _6TCPA__49 |
||
| 999 |
_c1791 _d1791 |
||